| 000 | 01007nam a22002537a 4500 | ||
|---|---|---|---|
| 005 | 20090504104614.0 | ||
| 008 | 090504t xxu||||| |||| 00| 0 eng d | ||
| 010 | _aENG-93401 | ||
| 020 |
_a8188683760 _c550.00 |
||
| 020 |
_a9788188683765 _c550.00 |
||
| 035 | _aEN-76934 | ||
| 037 | _bDBAD / PUB | ||
| 040 |
_adpl _bEnglish |
||
| 082 | _a332.673 | ||
| 245 |
_aForeign direct investment and economic development: _cedited by Ravishankar Kumar Singh [and] V.S. Kulkarni _bessays in Honour of Dr. Manmohan Singh / |
||
| 260 |
_aDelhi _bAbhijeet Publications _c2006 |
||
| 270 |
_a2/46 Tukhmeerpur Extension _bDelhi _e110094 |
||
| 300 |
_axiv, 178p. _c22cm (Hb) |
||
| 500 | _aIncludes references | ||
| 700 | _aRavishankar Kumar Singh | ||
| 700 | _aKulkarni, V.S. | ||
| 942 |
_2ddc _cEN _mFOR _h332.673 |
||
| 999 |
_c26049 _d26049 |
||